=LDR 00000nam 2200000 4500 =001 INLIS000000000039965 =005 20200414083400 =035 ##$$a 0010-061300000039965 =008 200414################g##########0#ind## =041 ##$$a Ind =082 ##$$a 2x3.44 =090 ##$$a 2x3.44, Sub a =100 ##$$a Subhani, Syaikh Sa'far =245 1#$$a Adakah syafaat dalam islam ?, antara pro dan kontra /$c Syaikh Sa'far subhani; penyunting, Afif Muhammad; Penyunting, Afif muhammad =260 ##$$a Bandung :$b Pustaka hidayah,$c 2011 =300 ##$$a 284 hlm ; $c 14 x 21 cm =650 #4$$a Syafa'at =850 ##$$a NBPNMAT =020 ##$$a 978-602-8631-15-0 =084 ##$$a 2x3.44 SUB a =250 ##$$a Cet. 1 =990 ##$$a 21104571/ Pb- 2011 =990 ##$$a 21104573/Pb- 20011 =990 ##$$a 21104572/ Pb- 2011 =990 ##$$a 21104574 =990 ##$$a 21104571/ Pb- 2011 =990 ##$$a 21104573/Pb- 20011 =990 ##$$a 21104572/ Pb- 2011